| 000 | 00971cam a22002414a 4500 | ||
|---|---|---|---|
| 001 | vtls003029013 | ||
| 003 | MY-SjTCS | ||
| 005 | 20200306163539.0 | ||
| 008 | 110218s2005 njua b 001 0 eng | ||
| 020 | _a0131472208 (pbk.) | ||
| 039 | 9 |
_a201102181247 _bVLOAD _c200707050907 _drafi _c200608041116 _dchon ling _y200606262018 _zshah_rol |
|
| 082 | 0 | 0 |
_a005.133 _bMON |
| 100 | 1 |
_aMonnox, Alan. _9235453 |
|
| 245 | 1 | 0 |
_aRapid J2EE development : _ban adaptive foundation for enterprise applications / _cAlan Monnox. |
| 260 |
_aUpper Saddle River, N.J. : _bPrentice Hall PTR ; _aLondon : _bPearson Education [distributor], _c2005. |
||
| 300 |
_axxxi, 395 p. : _bill. ; _c23 cm. |
||
| 440 | 0 |
_aHewlett-Packard professional books _9106327 |
|
| 504 | _aIncludes bibliographical references (p. 375-377) and index. | ||
| 650 | 0 |
_aJava (Computer program language) _917415 |
|
| 650 | 0 |
_aApplication software _xDevelopment. _99298 |
|
| 920 | _aADP : 98107 | ||
| 921 | _aCIT(RMIT): 547470 | ||
| 999 | _c43153 | ||